[Event "Troya op"]
[Site "Canakkale"]
[Date "2010.08.11"]
[Round "5"]
[White "Samavat, Mehrdad"]
[Black "Secer, Ata"]
[Result "0-1"]
[WhiteElo "2059"]
[BlackElo "2325"]
[PlyCount "58"]
[EventDate "2010.08.07"]
[EventType "swiss"]
[EventRounds "9"]
[EventCountry "TUR"]
[SourceTitle "CBM 137 Extra"]
[Source "ChessBase"]
[SourceDate "2010.09.01"]
[SourceVersion "1"]
[SourceVersionDate "2010.09.01"]
[SourceQuality "1"]

1. d4 d5 2. Bg5 f6 3. Bh4 Nh6 4. e3 Nf5 5. Bd3 h5 6. Bxf5 Bxf5 7. f3 c5 8. dxc5 e6 9. e4 dxe4 10. Qxd8+ Kxd8 11. Nc3 exf3 12. 0-0-0+ Nd7 13. Nxf3 Bxc5 14. Nd4 Bg4 15. Rd3 Ke7 16. Re1 Rhd8 17. Nd5+ Kf7 18. Nc7 Ne5 19. Rxe5 fxe5 20. Bxd8 Rxd8 21. Nf3 Rxd3 22. Nxe5+ Ke7 23. Nxd3 Be3+ 24. Kb1 a6 25. Ne5 Be2 26. Nd3 Kd7 27. Na8 Kc8 28. Nc1 Bf1 29. g3 Kb8 0-1

[Event "Adana Ataturk op"]
[Site "Adana"]
[Date "2006.11.09"]
[Round "4"]
[White "Samavat, Mehrdad"]
[Black "Grigoriev, Armen"]
[Result "0-1"]
[WhiteElo "2061"]
[BlackElo "2347"]
[PlyCount "75"]
[EventDate "2006.11.06"]
[EventType "swiss"]
[EventRounds "8"]
[EventCountry "TUR"]
[SourceTitle "CBM 115 Extra"]
[Source "ChessBase"]
[SourceDate "2007.01.10"]
[SourceVersion "1"]
[SourceVersionDate "2007.01.10"]
[SourceQuality "1"]

1. d4 Nf6 2. Bg5 e6 3. e4 h6 4. Bxf6 Qxf6 5. Nc3 d6 6. Qd2 g5 7. 0-0-0 Nc6 8. Nge2 Bg7 9. f3 Bd7 10. d5 Ne5 11. Ng3 h5 12. Be2 h4 13. Nf1 h3 14. g3 Nxf3 15. Bxf3 Qxf3 16. Ne3 Qf6 17. Rhf1 Qg6 18. Rf2 0-0-0 19. Rdf1 Rhf8 20. Kb1 Rde8 21. dxe6 fxe6 22. Ned1 b6 23. Qe2 Rxf2 24. Rxf2 Kb7 25. Qf1 Rh8 26. a4 a5 27. Qc4 Bc6 28. b4 axb4 29. Qxb4 Ra8 30. Qxd6 cxd6 31. Ka2 Be5 32. Kb3 Qg7 33. Rd2 Qd7 34. Rd3 Qf7 35. Nb5 Qf1 36. Ndc3 Bxb5 37. axb5 Bxc3 38. Rd2 0-1